000 00872nam a2200289 4500
003 EG-GICUC
005 20260309235847.0
008 260309s1915 -uk||||fr|||| 00| 0 eng d
040 _aEG-GiCUC
_beng
_cEG-GiCUC
_dEG-GiCUC
_erda
041 0 _aeng
082 0 4 _221
_a341.6
_bPH . I
092 0 4 _221
099 _aLaw1 11 341.6 PH . I 1915
100 1 _aPhillipson, Coleman
_eAuthor.
245 1 0 _aInternational law and the great war /
_cColeman Phillipson
264 1 _aLondon :
_bT. Fisher Unwin,
_c1915.
300 _a407 pages ;
_c24 cm
336 _2rda content
_atext
337 _2rda media
_aComputer
338 _2rda carrier
_aOnline Resource
500 _aIncludes index.
546 _aText in English
650 1 4 _aPublic international law
856 4 0 _uhttps://fll.law.cu.edu.eg/fulltext/bks/B11-08732.pdf
905 _a30
942 _2ddc
_cBK
_e21
_n0
999 _c65933
_d65933